Normal view
MARC view
Entry Topical Term
001 - CONTROL NUMBER
- control field: 30581
003 - CONTROL NUMBER IDENTIFIER
- control field: ARRUPE
005 - DATE AND TIME OF LATEST TRANSACTION
- control field: 20170504123351.0
008 - FIXED-LENGTH DATA ELEMENTS
- fixed length control field: 170504|| aca||aabn | a|a d
040 ## - CATALOGING SOURCE
- Original cataloging agency: ARRUPE
- Transcribing agency: ARRUPE
150 ## - HEADING--TOPICAL TERM
- Topical term or geographic name as entry element: Livingstone, David
670 ## - SOURCE DATA FOUND
- Source citation: Work cat.: (ARRUPE)62414: Mackenzie, Rob 30580, David Livingstone, 1996